| 000 | 00562nam a2200181Ia 4500 | ||
|---|---|---|---|
| 008 | 090122s9999 xx 000 0 und d | ||
| 082 | _b11596 | ||
| 100 |
_aदुर्वे _bलालू |
||
| 245 | _aकॉल ऑफ द टायगर | ||
| 260 |
_bआरती _c1997 |
||
| 300 | _a189 | ||
| 501 | _aआरती प्रकाशन / बि. नं. 5081-82 | ||
| 600 | _aदुर्वे | ||
| 630 | _aकॉल ऑफ द टायगर | ||
| 700 | _aदुर्वे | ||
| 730 | _aकॉल ऑफ द टायगर | ||
| 942 | _cBOOK | ||
| 999 |
_c35673 _d35673 |
||